• 首页
  • 本馆介绍
  • 公告通知
  • 最新文献
  • 馆藏检索
  • 电子资源
  • 读者导购
  • 参考咨询
  • 我的图书馆
  • 登录
  • 期刊详细显示
  • 现刊情况显示
  • 合订本情况显示
  • 篇目信息显示

期刊信息

  • 表格格式
  • 工作单格式
  • 卡片格式
索取号 
J90/KDY
题名 
看电影
作者 
看电影编辑部
分册号 
分册名 
出版地 
成都
出版者 
成都市青江东路360号峨影厂内(邮编610072)
标准刊号 
1671-2374
出版频率 
月刊
中图法分类 
J90
主题词 
电影; 电视 艺术
电子资源 
000 00666nas0 2200241 45
001 0552754062
005 20070323153512.93
011    @a1671-2374@dCNY10.00(2003)
091    @aCN51-1618
092    @b62-102
100    @a20051129d km y0chiy0120 ea
101 0  @achi
102    @aCN@b510000
200 1  @a看电影@AKan Dian Ying@f看电影编辑部@FKan Dian Ying Bian Ji Bu
207    @a2001,no.6(2001,6)- = 总160-
210    @a成都@c成都市青江东路360号峨影厂内(邮编610072)
326    @a月刊
606 0  @a电影
606 0  @a电视@x艺术
690    @aJ90@v4
711  0 @a看电影编辑部@AKan Dian Ying Bian Ji Bu
801  0 @aCN@bPFT@c20070323
905    @aTJWY@dJ90@eKDY
    
    看电影/看电影编辑部.-2001,no.6(2001,6)- = 总160-.-成都:成都市青江东路360号峨影厂内(邮编610072)
    
    
    
    ISSN 1671-2374:CNY10.00(2003)
    
●
相关链接: 在易读查询期刊 在中国知网中查询期刊 在万方数据查询期刊 在维普查询期刊
唐山师范学院图书馆 欢迎您!
大连网信软件有限公司© 版权所有